[Event "FICGS class A 000076 email"]
[Site "FICGS email"]
[Date "2010.09.01"]
[Round "1"]
[White "Hrubaru, Mircea"]
[Black "Zamora Cristancho, Sammy"]
[Result "1-0"]
[WhiteElo "2019"]
[BlackElo "2000"]
[PlyCount "27"]
[EventDate "2010.??.??"]
[EventType "tourn (corr)"]
[EventRounds "4"]
[SourceTitle "Corr 2013"]
[Source "ChessBase"]
[SourceDate "2012.11.12"]
[SourceVersion "1"]
[SourceVersionDate "2012.11.12"]
[SourceQuality "1"]

1. d4 d5 2. c4 e6 3. Nf3 Nf6 4. g3 dxc4 5. Bg2 a6 6. 0-0 Nc6 7. e3 Bd7 8. Nbd2 b5 9. Ne5 Nd5 10. Ndf3 Bd6 11. b3 cxb3 12. axb3 0-0 13. Nxd7 Qxd7 14. Bb2 1-0

[Event "FICGS class B 000119 email"]
[Site "FICGS email"]
[Date "2010.08.13"]
[Round "1"]
[White "Lim, Steve"]
[Black "Zamora Cristancho, Sammy"]
[Result "1-0"]
[WhiteElo "1800"]
[BlackElo "2000"]
[PlyCount "41"]
[EventDate "2010.??.??"]
[EventType "tourn (corr)"]
[EventRounds "6"]
[SourceTitle "Corr 2022"]
[Source "ChessBase"]
[SourceDate "2021.10.24"]
[SourceVersion "1"]
[SourceVersionDate "2021.10.24"]
[SourceQuality "1"]

1. d4 d5 2. c4 e6 3. Nf3 c6 4. Nc3 Nf6 5. Bg5 Be7 6. e3 0-0 7. Qc2 Re8 8. Bd3 Nbd7 9. 0-0 Nf8 10. h3 Ng6 11. c5 Nd7 12. Bxe7 Qxe7 13. Bxg6 hxg6 14. e4 dxe4 15. Nxe4 Nf6 16. Nd6 Rf8 17. Ne5 Nd5 18. a4 g5 19. Ra3 Nf4 20. Rf3 f5 21. Qd2 1-0